000 00603nam a2200241Ia 4500
008 210210b2010 xxu||||| |||| 00| 0 eng d
020 _a9788184896381
041 _aeng
082 _a664.9 VARM
100 _aVARNAM (Alan H)
245 _aMeat and meat products: technology chemistry and microbiology
260 _aNew Delhi
_bSpringer
_c2010
300 _aviii,430
650 _atechnology
650 _aproducts:
650 _amicrobiology
650 _aMeat
650 _achemistry
650 _aand
690 _aFood Technology
700 _aSUTHERLAND (Jane P)
906 _a070575
999 _c120146
_d120146